[Event "IECG CN.2000.0.00182"]
[Site "IECG email"]
[Date "2000.03.21"]
[Round "?"]
[White "Febonio, James"]
[Black "Hanna, Paul"]
[Result "0-1"]
[WhiteElo "800"]
[BlackElo "800"]
[PlyCount "62"]
[EventDate "2000.03.21"]
[EventType "tourn (corr)"]
[EventRounds "6"]
[SourceTitle "Corr 2008"]
[Source "ChessBase"]
[SourceDate "2008.06.24"]
[SourceVersion "1"]
[SourceVersionDate "2008.06.24"]
[SourceQuality "1"]

1. e4 c5 2. Nf3 d6 3. Bc4 e6 4. Bb5+ Bd7 5. Bxd7+ Nxd7 6. 0-0 Ngf6 7. Nc3 Be7 8. d3 0-0 9. g3 Qb6 10. Na4 Qa6 11. b3 b5 12. Ng5 bxa4 13. bxa4 Qxa4 14. h4 Qc6 15. c4 Rab8 16. Be3 Ne5 17. f4 Neg4 18. Bd2 h6 19. Nh3 Rb2 20. a4 Rfb8 21. Bc3 Rg2+ 22. Kh1 Rh2+ 23. Kg1 Rxh3 24. Kg2 Ne3+ 25. Kxh3 Nxd1 26. Rfxd1 Rb3 27. Ba5 Nxe4 28. Re1 Nf2+ 29. Kh2 Rb2 30. Kg1 Nh3+ 31. Kf1 Qh1# 0-1

[Event "IECG CN.2000.0.00182"]
[Site "IECG email"]
[Date "2000.03.21"]
[Round "?"]
[White "Hanna, Paul"]
[Black "Marraro, Vincenzo"]
[Result "1-0"]
[WhiteElo "800"]
[BlackElo "800"]
[PlyCount "55"]
[EventDate "2000.03.21"]
[EventType "tourn (corr)"]
[EventRounds "6"]
[SourceTitle "Corr 2008"]
[Source "ChessBase"]
[SourceDate "2008.06.24"]
[SourceVersion "1"]
[SourceVersionDate "2008.06.24"]
[SourceQuality "1"]

1. e4 e5 2. Nf3 Nc6 3. Bb5 Nf6 4. 0-0 Bd6 5. d4 Nxe4 6. dxe5 Bc5 7. Qd5 0-0 8. Qxe4 d5 9. exd6 Bxd6 10. Nc3 Re8 11. Qh4 Bf5 12. Qxd8 Raxd8 13. Bxc6 bxc6 14. Be3 Rb8 15. b3 Be5 16. Nxe5 Rxe5 17. Bxa7 Rbe8 18. Be3 Bxc2 19. Rac1 R5e6 20. Rxc2 h5 21. h3 h4 22. Rfc1 Ra8 23. Na4 Rd8 24. Rxc6 Rg6 25. Rxg6 f6 26. Rxc7 Rd1+ 27. Kh2 Rd6 28. Rgxg7+ 1-0

[Event "IECG CN.1998.0.00085"]
[Site "IECG email"]
[Date "1998.10.06"]
[Round "?"]
[White "Hanna, Paul"]
[Black "Fast, Ron RF"]
[Result "1/2-1/2"]
[WhiteElo "800"]
[BlackElo "748"]
[PlyCount "98"]
[EventDate "1998.10.06"]
[EventType "tourn (corr)"]
[EventRounds "6"]
[SourceTitle "Corr 2008"]
[Source "ChessBase"]
[SourceDate "2008.06.24"]
[SourceVersion "1"]
[SourceVersionDate "2008.06.24"]
[SourceQuality "1"]

1. Nf3 d5 2. g3 Nf6 3. Bg2 c5 4. d3 Nc6 5. 0-0 e5 6. Bg5 h6 7. Bxf6 Qxf6 8. Nbd2 Be6 9. e4 d4 10. a4 Be7 11. Nc4 Bxc4 12. dxc4 0-0 13. Ne1 Qe6 14. b3 Rad8 15. Nd3 Qd6 16. Qg4 Qg6 17. Qxg6 fxg6 18. f4 Bd6 19. Rf2 Rd7 20. Bh3 Re7 21. Raf1 exf4 22. Bg2 g5 23. gxf4 gxf4 24. Nxf4 Rxf4 25. Rxf4 Bxf4 26. Rxf4 g5 27. Rf5 Ne5 28. Kf2 Kg7 29. Kg3 b6 30. h4 gxh4+ 31. Kxh4 Re6 32. Kh3 a6 33. Kh4 a5 34. Kh3 Kh7 35. Kh4 d3 36. cxd3 Nxd3 37. Rf7+ Kg6 38. Rb7 Ne5 39. Bh3 Rd6 40. Bf5+ Kf6 41. Kh5 Nf7 42. Bg6 Ne5 43. Bf5 Nf3 44. Kg4 Nd4 45. Kf4 Ne2+ 46. Kg4 h5+ 47. Kf3 Nd4+ 48. Kf4 Ne2+ 49. Ke3 Nd4 1/2-1/2